00478cam a2200157ua 450000100060000000800390000602000180004504000090006308200110007210000270008324501250011025000130023526000470024830000100029565300150030510861190423n ii |||gr||||Z||||||eng a9788184884975 cMAIN a338.04 aVasant Desai,eAuthor. aDynamics of entrepreneurial development and management : bPlanning for future sustainable growth / cBy Vasant Desai .  a5th rev. aMumbai:bHimalaya publishing house,c2017. a780p. aProduction